<?xml version="1.0" encoding="UTF-8"?><?xml-stylesheet type="text/xsl" href="static/style.xsl"?><OAI-PMH xmlns="http://www.openarchives.org/OAI/2.0/" xmlns:xsi="http://www.w3.org/2001/XMLSchema-instance" xsi:schemaLocation="http://www.openarchives.org/OAI/2.0/ http://www.openarchives.org/OAI/2.0/OAI-PMH.xsd"><responseDate>2026-06-01T01:57:39Z</responseDate><request verb="GetRecord" identifier="oai:riuma.uma.es:10630/37295" metadataPrefix="marc">https://riuma.uma.es/rest/oai/request</request><GetRecord><record><header><identifier>oai:riuma.uma.es:10630/37295</identifier><datestamp>2026-02-03T10:58:42Z</datestamp><setSpec>com_10630_2254</setSpec><setSpec>col_10630_37953</setSpec></header><metadata><record xmlns="http://www.loc.gov/MARC21/slim" xmlns:dcterms="http://purl.org/dc/terms/" xmlns:doc="http://www.lyncode.com/xoai" xmlns:xsi="http://www.w3.org/2001/XMLSchema-instance" xsi:schemaLocation="http://www.loc.gov/MARC21/slim http://www.loc.gov/standards/marcxml/schema/MARC21slim.xsd">
   <leader>00925njm 22002777a 4500</leader>
   <datafield ind2=" " ind1=" " tag="042">
      <subfield code="a">dc</subfield>
   </datafield>
   <datafield ind2=" " ind1=" " tag="720">
      <subfield code="a">Roldán-Báez, Antonio Manuel</subfield>
      <subfield code="e">author</subfield>
   </datafield>
   <datafield ind2=" " ind1=" " tag="260">
      <subfield code="c">2012-03-01</subfield>
   </datafield>
   <datafield ind2=" " ind1=" " tag="520">
      <subfield code="a">La migración económica es una fiel manifestación de la creciente desigualdad que caracteriza al mundo contemporáneo. Pero constituye una alternativa vital para 200 millones de personas, que son incapaces de satisfacer las necesidades humanas (propias y familiares) en sus países de origen. Aquí se analizan las razones económicas de este fenómeno: desde el estancamiento económico y el deterioro del mercado de trabajo, con la secuela del desempleo persistente; pasando por la transformación de las estructuras económicas mundiales, la pobreza, los salarios de miseria y la explotación, la desregulación laboral, las estrategias monopolistas que sacrifican el desarrollo humano por el beneficio, la corrupción, e incluso la aceleración del cambio climático por motivo económico. Como propuesta alternativa, se propone un cambio radical de las políticas económicas, que garanticen el desarrollo humano de todos mediante políticas redistributivas del ingreso y de la riqueza. ¡A no ser que los opulentos estén indispuestos a consentirlo!</subfield>
   </datafield>
   <datafield ind1="8" ind2=" " tag="024">
      <subfield code="a">ROLDÁN BÁEZ, ANTONIO MANUEL. Determinantes económicos de la emigración. DEDiCA. Revista de Educação e Humanidades, 2 (2012) março, 47-67.</subfield>
   </datafield>
   <datafield ind1="8" ind2=" " tag="024">
      <subfield code="a">2182-018X</subfield>
   </datafield>
   <datafield ind1="8" ind2=" " tag="024">
      <subfield code="a">https://revistaseug.ugr.es/index.php/dedica/article/view/7120/6206</subfield>
   </datafield>
   <datafield ind1="8" ind2=" " tag="024">
      <subfield code="a">https://hdl.handle.net/10630/37295</subfield>
   </datafield>
   <datafield ind1="8" ind2=" " tag="024">
      <subfield code="a">10.30827/dreh.v0i2.7120</subfield>
   </datafield>
   <datafield tag="653" ind2=" " ind1=" ">
      <subfield code="a">Emigración e inmigración</subfield>
   </datafield>
   <datafield tag="653" ind2=" " ind1=" ">
      <subfield code="a">Desempleo</subfield>
   </datafield>
   <datafield ind2="0" ind1="0" tag="245">
      <subfield code="a">Determinantes económicos de la emigración.</subfield>
   </datafield>
</record>
</metadata></record></GetRecord></OAI-PMH>